000 00524nmm a2200169Ia 4500
008 251105s9999||||xx |||||||||||||||||und||
020 _a9788423681884
041 _aspa
100 _aCarranza, Maite
245 0 _aLa guerra de las brujas III: la maldición de Odi
264 _a[Madrid, España] :
_bEdebé (Ediciones Don Bosco),
_c2010
300 _a480 páginas
490 _aLa guerra de las brujas
650 _aTeen & Young Adult Fiction
856 _uhttps://public.digitaliapublishing.com/a/32718
942 _cCF
999 _c80214
_d80214